Normal view
MARC view
- (NC) ALI ASGHAR (NC) MOHAMMAD SALMAN
Entry Personal Name
001 - CONTROL NUMBER
- control field: 71059
003 - CONTROL NUMBER IDENTIFIER
- control field: NUST
005 - DATE AND TIME OF LATEST TRANSACTION
- control field: 20210628204602.0
008 - FIXED-LENGTH DATA ELEMENTS
- fixed length control field: 210628|| aca||aabn | a|a d
040 ## - CATALOGING SOURCE
- Original cataloging agency: NUST
- Transcribing agency: NUST
100 ## - HEADING--PERSONAL NAME
- Personal name: (NC) ALI ASGHAR (NC) MOHAMMAD SALMAN
670 ## - SOURCE DATA FOUND
- Source citation: Work cat.: (NUST): (NC) ALI ASGHAR (NC) MOHAMMAD SALMAN, PR-SOF-1623- DESIGN OF A PROSTHETIC HAND, 2017
